01633cam a22004334i 4500003000900000005001700009008004100026035001900067035001900086040003300105082001800138245011200156264009700268300003900365336002100404337002500425338002300450490006400473500007100537505026800608526001000876526001000886526000900896526000900905526000900914526000900923526000900932526000900941526000900950526000800959526000800967526000800975526000800983526000800991651004800999700004601047700002901093710007701122PE-LiUPU20250731165551.0150625s r 000 0 d a(Sirsi) a34504 a(Sirsi) a34504 aPE-LiUPUbspacPE-LiUPUerda04a985.04bD22300aPrimer congreso constituyente :nVolumen 2. /cedición y prólogo de Gustavo Pons Muzzo y Alberto Tauro. 1aLima :bComisión Nacional del Sesquicentenario de la Independencia del Perú,c1973-1975. a443 páginas ;c24 centímetros. atext2rdacontent aunmediated2rdamedia avolume2rdacarrier0 aColección Documental de la Independencia del Perú ;v15 a"Año del sesquicentenario de las batallas de Junín y Ayacucho"0 aDe las actas autógrafas del Primer Congreso Constituyente del Perú, desde la sesión del 6 de agosto de 1823, fecha en que se instalo el Congreso en Lima, despues de la emigración de la mayoría de sus miembros a Trujillo, hasta la del 9 de enero de 1824. aSEG44 aSEG26 aP151 aP150 aP149 aP146 aP145 aP126 aP125 aP92 aP75 aP74 aP27 aP15 aPerú. Congreso Constituyente (1822-1825).1 aPons Muzzo, Gustavo,d1916-2008,eeditor.1 aTauro, Alberto1914-1994.2 a.Comisión Nacional del Sesquicentenario de la Independencia del Perú